| 000 | 00779pam a2200205 a 4500 | ||
|---|---|---|---|
| 020 | _a0387965505 : | ||
| 082 | 0 | 0 |
_a531.382 _bVAL _cL-6, P-103 |
| 100 | 1 |
_aValent, Tullio. _939871 |
|
| 245 | 1 | 0 |
_aBoundary value problems of finite elasticity : _blocal theorems on existence, uniqueness, and analytic dependence on data / _cTullio Valent. |
| 260 |
_aNew York : _bSpringer-Verlag, _cc1988. |
||
| 300 |
_axii, 191 p. ; _c24 cm. |
||
| 500 | _aIncludes index. | ||
| 526 |
_a0 _b0 _c0 _d531_382000000000000_VAL |
||
| 650 | 0 |
_aBoundary value problems. _9689 |
|
| 650 | 0 |
_aElasticity. _910835 |
|
| 650 | 0 |
_aMCE _9379 |
|
| 856 | 4 | 1 | _uhttp://www.loc.gov/catdir/enhancements/fy1005/87009665-t.html |
| 856 | 4 | 2 | _uhttp://www.loc.gov/catdir/enhancements/fy1005/87009665-d.html |
| 942 |
_2ddc _cBK |
||
| 999 |
_c544284 _d544284 |
||